000
00248 a2200097 4500
001
32359
100
_a
Popvic, Dobrivoje
245
_a
Methods and tools for applied artificial intelligence
260
_a
N.Y
_b
marcel Dekke
_c
090
_c
21736
_d
21736
942
_a
NUST-CAE
_c
M
_c
13043
999
_c
267432
_d
267432